000 00842nas a2200313 4500
001 BR9902426
003 BR-BrBNA
005 20231205101412.0
007 ta
008 230509b bl.|||p| |||| 00| 00por d
040 _aBR-BrBNA
_bpor
_cBiblioteca Nacional de Agricultura
041 _a(Pt)
072 _aL73
100 1 _aMendonca, C.L. de
100 1 _aFioravanti, M.C.S.
100 1 _aSilva, J.A.B.A. da
100 1 _aSouza, M.I.L.
100 1 _aEurides, D.
100 1 _aLangoni, H.
245 1 _aEtiologia da mastite bovina
650 _aBovino
650 _aMamite
650 _aEtiologia
650 _aGlandula Mamaria
650 _aInfeccao
773 0 _tVeterinaria Noticias (Brazil)
_xISSN 0104-3463
_g(1999), v. 5(1) p. 107-118
_wBR9902426
909 _a202311
_bLúcia
_c55
_dLúcia Elande
942 _2AGRIS
_n0
_cANA
999 _c161608
_d161608